[Event "EU-ch Hybrid U14"]
[Site "Tornelo INT"]
[Date "2021.10.15"]
[Round "1"]
[White "Gergely, Daniel1111"]
[Black "Mammadov, Shamil"]
[Result "0-1"]
[WhiteElo "1958"]
[BlackElo "1455"]
[PlyCount "58"]
[EventDate "2021.10.15"]
[EventType "swiss"]
[EventRounds "9"]
[EventCountry "NET"]
[SourceTitle "EXT 2023"]
[Source "ChessBase"]
[SourceDate "2022.10.05"]
[SourceVersion "1"]
[SourceVersionDate "2022.10.05"]
[SourceQuality "1"]
[WhiteTeam "Hungary"]
[BlackTeam "Azerbaijan"]
[WhiteTeamCountry "HUN"]
[BlackTeamCountry "AZE"]

1. d4 Nf6 2. c4 e6 3. Nc3 Bb4 4. Qc2 b6 5. e4 Bxc3+ 6. bxc3 d6 7. Bd3 e5 8. h3 Nbd7 9. Nf3 Bb7 10. 0-0 0-0 11. Bg5 h6 12. Bh4 Qe7 13. Rae1 g5 14. Bg3 Nh5 15. Qd2 Kh7 16. Nh2 Ndf6 17. Qe2 Rg8 18. Ng4 Nf4 19. Bxf4 gxf4 20. Nxf6+ Qxf6 21. Kh2 Qh4 22. Qf3 Bc8 23. Be2 Rg5 24. Rg1 h5 25. Ref1 Be6 26. Qd3 Rag8 27. Bf3 Rg3 28. fxg3 fxg3+ 29. Kh1 Bxh3 0-1

[Event "EU-ch Hybrid U14"]
[Site "Tornelo INT"]
[Date "2021.10.15"]
[Round "2"]
[White "Mammadov, Shamil"]
[Black "Krawczyk, Flawian"]
[Result "0-1"]
[WhiteElo "1455"]
[BlackElo "2070"]
[PlyCount "111"]
[EventDate "2021.10.15"]
[EventType "swiss"]
[EventRounds "9"]
[EventCountry "NET"]
[SourceTitle "EXT 2023"]
[Source "ChessBase"]
[SourceDate "2022.10.05"]
[SourceVersion "1"]
[SourceVersionDate "2022.10.05"]
[SourceQuality "1"]
[WhiteTeam "Azerbaijan"]
[BlackTeam "Poland"]
[WhiteTeamCountry "AZE"]
[BlackTeamCountry "POL"]

1. d4 Nf6 2. Nf3 g6 3. c4 Bg7 4. Nc3 0-0 5. Bg5 h6 6. Bh4 c5 7. e3 cxd4 8. Nxd4 Nc6 9. Rc1 d6 10. Be2 a6 11. 0-0 Bd7 12. b3 Nxd4 13. Qxd4 Bc6 14. Qd3 Qa5 15. Bxf6 Bxf6 16. Bf3 Bxf3 17. gxf3 Qh5 18. Qe4 e6 19. Ne2 b5 20. Qg4 Qxg4+ 21. fxg4 bxc4 22. Rxc4 d5 23. Ra4 Rfc8 24. Rc1 Rxc1+ 25. Nxc1 e5 26. Kf1 d4 27. Ke2 Bg5 28. Rc4 Rd8 29. exd4 Bxc1 30. Rxc1 Rxd4 31. Rc4 Rxc4 32. bxc4 Kf8 33. Kd3 Ke7 34. c5 Kd7 35. h4 f6 36. f3 h5 37. gxh5 gxh5 38. a3 f5 39. a4 Kc6 40. Kc4 a5 41. f4 exf4 42. Kd4 f3 43. Ke3 f2 44. Kxf2 Kxc5 45. Kf3 Kd5 46. Kf4 Ke6 47. Kg5 Ke5 48. Kxh5 Kf6 49. Kh6 f4 50. Kh7 f3 51. h5 f2 52. h6 f1Q 53. Kh8 Qb1 54. Kg8 Qb7 55. Kh8 Qf7 56. h7 0-1